Možnosti využitia fondov EÚ v rámci programovacieho obdobia 2014-2020 v konkrétnom podniku bakalárska práca

Saved in:
Bibliographic Details
Main Author: Murínová, Marianna
Corporate Author: Podnikovohospodárska fakulta EU so sídlom v Košiciach. Katedra finančného riadenia podniku
Other Authors: Ručinský, Rastislav
Format: Book
Language:Slovak
Published: Košice 2018
Tags: Add Tag
No Tags, Be the first to tag this record!

MARC

LEADER 00000nbm a2200000 4500
001 0245785
005 20181018110312.0
041 0 |a slo 
044 |a SK 
245 1 0 |a Možnosti využitia fondov EÚ v rámci programovacieho obdobia 2014-2020 v konkrétnom podniku  |b bakalárska práca  |c Marianna Murínová ; školiteľ: Rastislav Ručinský 
264 1 |a Košice  |c 2018 
300 |a 60 s. 
100 1 |a Murínová, Marianna 
700 1 |a Ručinský, Rastislav 
710 2 |a Podnikovohospodárska fakulta EU so sídlom v Košiciach. Katedra finančného riadenia podniku